logo

Bir Sreshtho Munshi Abdur Rouf Library
Jhenaidah Cadet College

পদার্থবিজ্ঞান কুইজ ও অলিম্পিয়াড / (Record no. 10935)

MARC details
000 -LEADER
fixed length control field 00708nam a2200229 a 4500
001 - CONTROL NUMBER
JCCL Control Number 10935
003 - CONTROL NUMBER IDENTIFIER
JCCL marc code BD-JhCC
005 - DATE AND TIME OF LATEST TRANSACTION
control field 20210408134018.0
008 - FIXED-LENGTH DATA ELEMENTS--GENERAL INFORMATION
fixed length control field 190529b20182014bd ||||| a||| 00| 0 eng d
020 ## - INTERNATIONAL STANDARD BOOK NUMBER
International Standard Book Number 9789844043534
035 ## - SYSTEM CONTROL NUMBER
system control number (BD-JhCC)10935
040 ## - CATALOGING SOURCE
Original cataloging agency BD-JhCC
Modifying agency BD-JhCC
041 ## - LANGUAGE CODE
Language code of Book ben
082 ## - DEWEY DECIMAL CLASSIFICATION NUMBER
Author mark and Year SAH2018
Classification number 530.076
100 ## - MAIN ENTRY--PERSONAL NAME
Personal name সাহা, সৌমেন
245 ## - TITLE STATEMENT
Title পদার্থবিজ্ঞান কুইজ ও অলিম্পিয়াড /
Statement of responsibility, etc সৌমেন সাহা,
260 ## - PUBLICATION, DISTRIBUTION, ETC. (IMPRINT)
Place of publication, distribution, etc ঢাকা:
Name of publisher, distributor, etc আনুপম প্রকাশনী;
Date of publication, distribution, etc 2018.
300 ## - PHYSICAL DESCRIPTION
Pagination 318 p.:
Dimensions 22 cm.
650 ## - SUBJECT ADDED ENTRY--TOPICAL TERM
Topical term or geographic name as entry element Physics--Competitions
942 ## - ADDED ENTRY ELEMENTS (KOHA)
Source of classification or shelving scheme Dewey Decimal Classification
Koha item type Books
Koha issues (borrowed), all copies 12
Holdings
Source of classification or shelving scheme Damaged status Not for loan Home library Current library Shelving location Date of accession Cost, normal purchase price Total Checkouts Full call number Barcode Date last seen Date checked out Copy number Koha item type Total Renewals
Dewey Decimal Classification     JCC Rouf Library JCC Rouf Library General Stacks 06/22/2019 360.00 5 530.076 SAH 2018 14804 11/05/2025 10/28/2025 C-1 Books  
Dewey Decimal Classification     JCC Rouf Library JCC Rouf Library General Stacks 06/06/2019 378.00 8 530.076 SAH 2018 15411 10/30/2025 10/22/2025 C-2 Books  

JCC Library | Contacts | JCC Home

Last Update on 23 September 2017
Copyright @ 2017-2020 JCC Rouf Library
Rouf Library, Jhenidah Cadet College (JCC), Bangladesh